000
00388cam a2200169ua 4500
041
_a
eng
_h
082
_a
823.302
_b
KNI/RU
100
_a
Knight, Isobel .
245
_a
Runaways /
_c
Isobel knight.
_h
Textual Documents
260
_a
London :
_b
Longman ,
_c
1961.
300
_a
64 ; .
504
_a
942
_c
BK
999
_c
4160
_d
4160